书目信息 |
| 题名: |
从追随者到领导者
|
|
| 作者: | 陈大为 编著 | |
| 分册: | ||
| 出版信息: | 北京 东方出版社 2006.02 |
|
| 页数: | 212页 | |
| 开本: | 24cm | |
| 丛书名: | ||
| 单 册: | ||
| 中图分类: | B848.4-49 | |
| 科图分类: | ||
| 主题词: | 心理学--xin li xue--通俗读物 | |
| 电子资源: | ||
| ISBN: | 7-5060-2489-6 | |
| 000 | 00724nam0 2200217 450 | |
| 001 | 012007450059 | |
| 005 | 20071008110009.84 | |
| 010 | @a7-5060-2489-6@dCNY26.80 | |
| 100 | @a20070803d2006 km y0chiy0120 ea | |
| 101 | 0 | @achi |
| 102 | @aCN@b110000 | |
| 105 | @ay z 000yy | |
| 200 | 1 | @a从追随者到领导者@Acong zhui sui zhe dao ling dao zhe@f陈大为编著@Fchen da wei bian zhu |
| 210 | @a北京@c东方出版社@d2006.02 | |
| 215 | @a212页@d24cm | |
| 330 | @a本书是在考察了大量的成功和失败的职场案例后,总结得出的成功理论,告诉读者怎样在三个阶段把握自己的职业人生。 | |
| 606 | 0 | @a心理学@Axin li xue@j通俗读物 |
| 690 | @aB848.4-49@v4 | |
| 701 | 0 | @a陈大为@Achen da wei@4编著 |
| 801 | 0 | @aCN@c20071008 |
| 905 | @dB848.4-49@eC397 | |
| 从追随者到领导者/陈大为编著.-北京:东方出版社,2006.02 |
| 212页;24cm |
| ISBN 7-5060-2489-6:CNY26.80 |
| 本书是在考察了大量的成功和失败的职场案例后,总结得出的成功理论,告诉读者怎样在三个阶段把握自己的职业人生。 |
| ● |
| 相关链接 |
|
|
|
正题名:从追随者到领导者
索取号:B848.4-49/C397
 
预约/预借
| 序号 | 登录号 | 条形码 | 馆藏地/架位号 | 状态 | 备注 |
| 1 | 251729 | 202517295 | 社科库509/509社科库 51排7列6层/ [索取号:B848.4-49/C397] | 在馆 | |
| 2 | 251730 | 202517302 | 社科库509/509社科库 51排7列6层/ [索取号:B848.4-49/C397] | 在馆 |